[Event "Stay Safe Play From Home 296"]
[Site "Emanuel Lasker Arena"]
[Date "2020.07.12"]
[Round "1"]
[White "AChessPlayer"]
[Black "Klasman"]
[Result "1-0"]
[WhiteElo "2424"]
[BlackElo "1346"]
[Annotator "TA"]
[PlyCount "49"]
[EventDate "2020.07.12"]
[EventType "swiss (blitz)"]

{[%evp 9,49,-16,-10,-14,16,20,98,100,95,83,101,73,68,43,164,130,123,114,135,127,166,181,179,155,204,216,350,352,581,522,29997,1618,29983,29981,29977,2168,1981,1890,2195,2021,1717,1237]} 1. Nf3 f5 2. d4 Nf6 3. Nc3 e6 4. Bg5 d5 5. Ne5 c5 6. e3 {[#] A80: Dutch Defence: Unusual White second moves.} cxd4 $146 ({Predecessor:} 6... Be7 7. g4 fxg4 8. Bb5+ Bd7 9. Bxf6 Bxf6 10. Qxg4 Qe7 11. dxc5 Bxb5 12. Nxb5 O-O 13. Nd3 {1-0 (33) Van Wely,L (2632)-Reinderman,D (2592) Netherlands 2015}) 7. exd4 Nc6 (7... Bd7 $11) 8. Bb5 $16 {Threatens to win with Bxf6.White is better.} Bd7 9. Bxc6 Bxc6 10. O-O Bd6 11. Re1 h6 (11... O-O $1 $14) 12. Bxf6 Qxf6 13. Qh5+ Kd8 14. Nf7+ {[%mdl 64] [#] Double Attack} Kc7 {And now ...g6 would win.} 15. Nxh8 Rxh8 16. Rad1 g6 17. Qe2 Qh4 (17... Kd7 $142 18. Nb5 Bb8) 18. g3 $18 ({Resist} 18. Qxe6 Qxh2+ 19. Kf1 Bb4 $18) 18... Qh3 $2 (18... Qe7 {was worth a try.} 19. Qxe6 Qxe6 20. Rxe6 Rg8) 19. Nb5+ Kd7 20. Nxd6 (20. Qxe6+ $142 Kd8 21. Qxd6+ Bd7 22. Qc7#) 20... Kxd6 21. Qe5+ {[%mdl 64] [#] Double Attack} Kd7 22. Qxh8 (22. Qg7+ $142 Kc8 23. Qxh8+ Kd7 24. Qg7+ Kd8 25. Rxe6 f4 26. Qe7+ Kc8 27. Rde1) 22... f4 {White is clearly winning.} 23. Qg7+ {[%mdl 64] Double Attack} Kc8 24. Qg8+ Kc7 25. Rxe6 {Accuracy: White = 55%, Black = 15%.} 1-0

[Event "Stay Safe Play From Home 296"]
[Site "Emanuel Lasker Arena"]
[Date "2020.07.12"]
[Round "1"]
[White "Mepe_Nika"]
[Black "Klausen"]
[Result "1-0"]
[WhiteElo "2369"]
[BlackElo "1787"]
[Annotator "TA"]
[PlyCount "73"]
[EventDate "2020.07.12"]
[EventType "swiss (blitz)"]

{[%evp 9,73,17,17,22,17,16,15,13,23,10,14,15,14,2,5,0,0,-12,-1,-50,-50,-37,-48,-58,-42,-52,14,0,133,-166,258,268,256,240,300,31,9,0,81,63,179,197,189,60,75,79,79,73,79,77,94,45,89,82,97,13,97,38,175,-8,64,66,77,52,41,-5285]} 1. d4 e6 2. Bf4 d5 3. e3 Bd6 4. Bxd6 Qxd6 5. c4 Nf6 6. Nc3 {D00: 1 d4 d5: Unusual lines.} O-O 7. Nf3 c6 8. Qc2 {The position is equal.} Nbd7 9. Bd3 (9. a4 {looks sharper.} e5 10. cxd5 cxd5 11. Nb5 Qe7 12. Nc7) 9... dxc4 10. Bxc4 e5 {[#]} 11. dxe5 $146 ({Predecessor:} 11. Be2 exd4 12. Nxd4 Nc5 13. O-O Qe7 14. Rad1 Bd7 15. Rfe1 Rad8 16. Bf1 Nfe4 17. Nb1 {½-½ (30) Santos Latasa,J (2536)-Percivaldi,M (2389) Stockholm 2018}) 11... Nxe5 12. Nxe5 Qxe5 13. h3 Bf5 $36 {[%mdl 2048] Black has the initiative.} 14. Qb3 b5 15. Be2 a5 {[%cal Ba7a5,Ba5a4][%mdl 32]} 16. O-O a4 17. Qb4 Rfd8 (17... c5 $15 18. Qf4 Qxf4 19. exf4 b4) 18. Rad1 c5 (18... Ne4 $11 {keeps the balance.}) 19. Qxb5 $2 {[%mdl 8192] [#]} (19. Rxd8+ $1 $16 Rxd8 20. Qa5 (20. Qxb5 Rb8 $16)) 19... Rab8 $4 {[%mdl 8192]} (19... Rdb8 $1 $19 {[%cal Rb8b5]} 20. Qc4 Rb4) 20. Rxd8+ $18 ({Don't play} 20. Qxa4 Rdc8 $18) 20... Rxd8 21. Nxa4 ({But not} 21. Qxa4 g6 $18) 21... Ne4 22. Bf3 $2 ({Better is} 22. Rd1 $18 Rb8 23. Qa5) 22... Nd2 $14 23. Qxc5 Nxf3+ (23... Qxc5 $11 24. Nxc5 Nxf1 25. Kxf1 Rd2) 24. gxf3 $16 Qe6 (24... Qf6 $14) 25. Qc7 $18 Rc8 26. Qb6 (26. Rd1 $18 {White threatens Rd8+ and mate.} h6 27. Qd6) 26... Qxa2 27. Rd1 {Intending Rd8+ and mate.} h6 28. Rd8+ Rxd8 29. Qxd8+ Kh7 30. Qd1 Qe6 31. Nc3 Bxh3 {( -> ...Qg6+)} 32. Qd3+ ({White should play} 32. Kh2 $16) 32... g6 (32... Bf5 $1 $11 {remains equal.} 33. e4 Qg6+ 34. Kf1 Bh3+ 35. Ke2 Qb6) 33. e4 (33. Ne4 $16) 33... Qe5 {[#]} (33... Qb6 $14) 34. Ne2 $2 ({White must play} 34. f4 $1 $18 {[%cal Rf4e5][%mdl 512]} Qh5 (34... Qxf4 35. Qxh3) 35. b4) 34... Qh5 (34... Qxb2 $11 35. Nc3 Qc1+ 36. Kh2 Bf1) 35. Ng3 Qg5 36. Qd5 Qf4 37. Qxf7+ $2 {[%mdl 40960] Quite a comeback for Black. Accuracy: White = 52%, Black = 42%. . Loss on time!?} (37. Qb3 $14) 1-0

[Event "Stay Safe Play From Home 296"]
[Site "Emanuel Lasker Arena"]
[Date "2020.07.12"]
[Round "1"]
[White "Physikus"]
[Black "Parth11"]
[Result "1-0"]
[WhiteElo "2037"]
[BlackElo "1428"]
[Annotator "NA"]
[PlyCount "61"]
[EventDate "2020.07.12"]
[EventType "swiss (blitz)"]

1. e4 {[%emt 0:00:02]} e6 {[%emt 0:00:04]} 2. b3 {[%emt 0:00:01]} d5 {[%emt 0:00:00]} 3. exd5 {[%emt 0:00:01]} exd5 {[%emt 0:00:00]} 4. Nf3 {[%emt 0:00:02]} Nf6 {[%emt 0:00:00]} 5. Bb2 {[%emt 0:00:01]} g6 {[%emt 0:00:00]} 6. Be2 {[%emt 0:00:00]} Bg7 {[%emt 0:00:01]} 7. O-O {[%emt 0:00:00]} Be6 {[%emt 0:00:00]} 8. d3 {[%emt 0:00:00]} Nc6 {[%emt 0:00:00]} 9. Nbd2 {[%emt 0:00:00]} Qd6 {[%emt 0:00:00]} 10. Rc1 {[%emt 0:00:00]} O-O-O {[%emt 0:00:00]} 11. c4 {[%emt 0:00:00]} d4 {[%emt 0:00:02]} 12. a3 {[%emt 0:00:06]} Bf5 {[%emt 0:00:01]} 13. b4 {[%emt 0:00:01]} Qe6 {[%emt 0:00:04]} 14. Nb3 {[%emt 0:00:02]} h5 {[%emt 0:00:04]} 15. Nbxd4 {[%emt 0:00:01]} Nxd4 {[%emt 0:00:02]} 16. Nxd4 {[%emt 0:00:00]} Qd7 {[%emt 0:00:01]} 17. Nxf5 {[%emt 0:00:01]} Qxf5 {[%emt 0:00:01]} 18. Re1 {[%emt 0:00:01]} Bh6 {[%emt 0:00:01]} 19. Rc2 {[%emt 0:00:02]} Rhe8 {[%emt 0:00:01]} 20. b5 {[%emt 0:00:08]} Nd7 {[%emt 0:00:01]} 21. Bf3 {[%emt 0:00:02]} Nc5 {[%emt 0:00:05]} 22. Rxe8 {[%emt 0:00:01]} Rxe8 {[%emt 0:00:00]} 23. d4 {[%emt 0:00:01]} Ne4 {[%emt 0:00:01]} 24. Re2 {[%emt 0:00:03]} Re6 {[%emt 0:00:06]} 25. d5 {[%emt 0:00:01]} Re8 {[%emt 0:00:03]} 26. Qe1 {[%emt 0:00:01]} Bg7 {[%emt 0:00:14]} 27. Rxe4 {[%emt 0:00:01]} g5 {[%emt 0:00:00]} 28. Bxg7 {[%emt 0:00:01]} Kd7 {[%emt 0:00:00]} 29. Rxe8 {[%emt 0:00:01]} Kd6 {[%emt 0:00:00]} 30. Bf8+ {[%emt 0:00:01]} Kd7 {[%emt 0:00:04]} 31. Qe7# {[%emt 0:00:00] (Lag: Av=0.61s, max=0.8s)} 1-0

[Event "Stay Safe Play From Home 296"]
[Site "Emanuel Lasker Arena"]
[Date "2020.07.12"]
[Round "1"]
[White "Chase the sun"]
[Black "Broken sword"]
[Result "0-1"]
[WhiteElo "1864"]
[BlackElo "2509"]
[Annotator "TA"]
[PlyCount "54"]
[EventDate "2020.07.12"]
[EventType "swiss (blitz)"]

{[%evp 11,54,0,41,-2,8,-2,16,15,23,6,3,-15,0,-28,0,-22,-20,-108,-93,-92,-85,-86,-85,-131,-125,-177,-160,-169,-160,-198,-167,-468,-258,-414,-62,-227,-136,-138,-124,-402,-412,-379,-229,-1167,-1153]} 1. e4 c5 2. Nc3 e6 3. f4 a6 4. Nf3 d5 5. d3 Nc6 6. g3 Nf6 7. e5 {B23: Closed Sicilian: Lines without g3.} Nd7 8. Bg2 g6 9. O-O {The position is equal.} b5 {[%cal Bb7b5,Bb5b4][%mdl 32]} 10. Qe1 {[#]} Bb7 $146 ({Predecessor:} 10... Be7 11. h4 Bb7 12. Ne2 h5 13. c3 c4 14. d4 b4 15. f5 gxf5 16. Bg5 Nf8 {1-0 (35) Kornasiewicz,S (2335)-Suchon,K Poland 1995}) 11. h3 Nb6 12. g4 b4 13. Nd1 h5 14. f5 (14. a3 $11 {keeps the balance.}) 14... hxg4 $17 (14... gxf5 $6 15. gxf5 Qd7 16. Ng5 $14) 15. hxg4 gxf5 16. gxf5 Qd7 17. fxe6 fxe6 ({Much weaker is} 17... Qxe6 $6 18. Qg3 $11) 18. Bg5 (18. Ng5 $17 Be7 19. Nf7) 18... Be7 $19 19. Bf6 Rg8 20. Qh4 O-O-O $1 21. Ng5 $2 {[#]} (21. Nf2 {is tougher.}) 21... Rde8 (21... Nxe5 $142 $1 {[%mdl 512]} 22. Qf4 (22. Bxe5 Rxg5) 22... Bxf6 23. Qxf6 d4 24. Qxe5 Bxg2) 22. Ne3 $2 {[#]} (22. Nf2 {was worth a try.} Nxe5 23. Nfh3 Bxf6 24. Rxf6) 22... Nd4 $2 (22... Nxe5 $1 $19 {[%mdl 512]} 23. Rae1 (23. Bxe5 Bxg5) 23... Bxf6 24. Rxf6 Qg7 {[%mdl 64] Double Attack} 25. Rxe6 Rxe6 26. Nxe6 Nf3+ {[%mdl 64] Double Attack, Discovered Attack} 27. Kf2 Nxh4 28. Nxg7 Rxg7) 23. Ng4 $2 ({Better is} 23. Rf2 $15) 23... Nxc2 (23... Rg6 $19 24. Bxe7 Qxe7) 24. Rac1 $17 Nd4 25. Bxe7 $4 {[%mdl 8192]} (25. Nh6 $17 {was called for.} Ne2+ {[%mdl 64] Double Attack} 26. Kh1 Rxg5 27. Qxg5 Nxc1 28. Rxc1) 25... Qxe7 $19 ({Not} 25... Rxe7 $2 26. Rxc5+ Kb8 27. Nf6 $18) 26. Nf6 {Black must now prevent Qxd4.} Kb8 {Strongly threatening ...Ne2+.} 27. Rf5 $2 (27. Rf2 Ref8 28. Nf3) 27... Nxf5 {Accuracy: White = 29%, Black = 55%.} 0-1

[Event "Stay Safe Play From Home 296"]
[Site "Emanuel Lasker Arena"]
[Date "2020.07.12"]
[Round "1"]
[White "Konmos"]
[Black "Justwatch"]
[Result "1-0"]
[WhiteElo "1757"]
[BlackElo "1609"]
[Annotator "NA"]
[PlyCount "23"]
[EventDate "2020.07.12"]
[EventType "swiss (blitz)"]

1. d4 {[%emt 0:00:02]} Nf6 {[%emt 0:00:00]} 2. e4 {[%emt 0:00:01]} g6 {[%emt 0:00:00]} 3. e5 {[%emt 0:00:00]} Ng8 {[%emt 0:00:00]} 4. f4 {[%emt 0:00:01]} Bg7 {[%emt 0:00:00]} 5. Bd3 {[%emt 0:00:01]} d6 {[%emt 0:00:00]} 6. Nf3 {[%emt 0:00:01]} Nc6 {[%emt 0:00:01]} 7. d5 {[%emt 0:00:03]} Nb8 {[%emt 0:00:02]} 8. O-O {[%emt 0:00:01]} Bg4 {[%emt 0:00:01]} 9. Qe2 {[%emt 0:00:03]} Bxf3 {[%emt 0:00:00]} 10. Rxf3 {[%emt 0:00:02]} dxe5 {[%emt 0:00:00]} 11. fxe5 {[%emt 0:00:01]} f6 {[%emt 0:00:02]} 12. e6 {[%emt 0:00:02] Justwatch terk eder (Lag: Av=0.49s, max=0.6s)} 1-0

[Event "Stay Safe Play From Home 296"]
[Site "Emanuel Lasker Arena"]
[Date "2020.07.12"]
[Round "1"]
[White "Trotsky"]
[Black "SoulofWolf"]
[Result "0-1"]
[WhiteElo "1591"]
[BlackElo "2218"]
[Annotator "TA"]
[PlyCount "54"]
[EventDate "2020.07.12"]
[EventType "swiss (blitz)"]

{[%evp 9,54,-5,49,60,52,38,28,2,8,-31,-15,-46,-26,-25,-29,-90,-83,-164,-108,-267,-284,-279,-273,-293,-287,-294,-291,-527,-456,-536,-556,-520,-432,-1205,-502,-475,-470,-442,-299,-604,-501,-871,-810,-1156,-1147,-1918,-833]} 1. d4 e6 2. e3 c5 3. c4 Nf6 4. Nc3 a6 5. Nf3 cxd4 ({Black should try} 5... d5 $11) 6. exd4 $14 {E10: Blumenfeld Gambit.} Be7 {[#]} 7. Be3 $146 ({Predecessor:} 7. Bd3 b6 8. Bg5 d6 9. O-O Nbd7 10. Re1 Bb7 11. Qe2 Qc7 12. Rad1 O-O 13. Ne4 {0-1 (42) Garcia Cervigon,C (1729)-Martinez Torres,J (1415) Benidorm 2018}) 7... O-O 8. Qd2 {White has an edge.} b6 9. Qc2 Bb7 10. Bd3 Nc6 11. a3 Rc8 12. Ng5 (12. O-O $11 {remains equal.}) 12... h6 $36 {[%mdl 2048] Keeping White busy.} 13. h4 (13. Nf3 $17) 13... e5 (13... Ng4 $19 14. Nf3 (14. Bh7+ Kh8 $17) 14... Na5) 14. Nce4 $2 (14. d5 $17 Nd4 15. Qb1) 14... Nxd4 $19 ({Worse is} 14... hxg5 15. Nxf6+ gxf6 16. hxg5 $16) 15. Nxf6+ Bxf6 16. Bxd4 exd4 17. Bh7+ Kh8 18. Bg8 $2 (18. Kf1 Bxg5 19. hxg5) 18... g6 19. Bxf7 Qe7+ 20. Kf1 Rxf7 21. Qxg6 (21. Re1 $142 Qf8 22. Nxf7+ Qxf7 23. h5) 21... Rg7 (21... Bxg5 $142 22. hxg5 Rxf2+ $1 {[%mdl 512]} 23. Kxf2 Qe3+ 24. Kf1 Rf8+ 25. Qf6+ Rxf6+ 26. gxf6 Qg3) 22. Qxh6+ Kg8 {Strongly threatening ...Rc5.} 23. Re1 Qf8 ({Don't do} 23... Bxg5 24. hxg5 Qxg5 25. Qxg5 $19) 24. Qh5 $2 (24. Rh3 Bd8 25. Qh5) 24... b5 {[%cal Bb6b5,Bb5c4][%mdl 32] Black is clearly winning.} 25. Kg1 (25. b3 $142 d3 26. Rh3 bxc4 27. bxc4) 25... bxc4 26. f4 d3 27. Nf3 {[#]} Bxf3 {Black took control after the opening. Accuracy: White = 19%, Black = 73%.} (27... Bd4+ $142 $1 {[%mdl 512]} 28. Kf1 (28. Nxd4 d2) 28... d2) 0-1

[Event "Stay Safe Play From Home 296"]
[Site "Emanuel Lasker Arena"]
[Date "2020.07.12"]
[Round "1"]
[White "sadbat1122"]
[Black "Bardellosport"]
[Result "0-1"]
[WhiteElo "1293"]
[BlackElo "2016"]
[Annotator "NA"]
[PlyCount "60"]
[EventDate "2020.07.12"]
[EventType "swiss (blitz)"]

1. e4 {[%emt 0:00:01]} e6 {[%emt 0:00:01]} 2. Nf3 {[%emt 0:00:01]} d5 {[%emt 0:00:00]} 3. exd5 {[%emt 0:00:01]} exd5 {[%emt 0:00:00]} 4. d4 {[%emt 0:00:01]} c6 {[%emt 0:00:00]} 5. Bd3 {[%emt 0:00:01]} f5 {[%emt 0:00:00]} 6. O-O {[%emt 0:00:02]} Nf6 {[%emt 0:00:00]} 7. Re1+ {[%emt 0:00:01]} Be7 {[%emt 0:00:01]} 8. Ne5 {[%emt 0:00:02]} Ne4 {[%emt 0:00:01]} 9. f3 {[%emt 0:00:02]} Nd6 {[%emt 0:00:01]} 10. c3 {[%emt 0:00:02]} O-O {[%emt 0:00:01]} 11. Bf4 {[%emt 0:00:03]} Bf6 {[%emt 0:00:01]} 12. Na3 {[%emt 0:00:02]} h6 {[%emt 0:00:01]} 13. Nc2 {[%emt 0:00:02]} g5 {[%emt 0:00:01]} 14. Bg3 {[%emt 0:00:02]} Qc7 {[%emt 0:00:01]} 15. Bf2 {[%emt 0:00:02]} Qg7 {[%emt 0:00:01]} 16. Bg3 {[%emt 0:00:03]} f4 {[%emt 0:00:01]} 17. Bf2 {[%emt 0:00:02]} Nd7 {[%emt 0:00:01]} 18. Nxd7 {[%emt 0:00:01]} Bxd7 {[%emt 0:00:00]} 19. Qe2 {[%emt 0:00:02]} Rae8 {[%emt 0:00:01]} 20. Qd2 {[%emt 0:00:01]} Nf5 {[%emt 0:00:01]} 21. Bxf5 {[%emt 0:00:02]} Bxf5 {[%emt 0:00:01]} 22. Na3 {[%emt 0:00:03]} h5 {[%emt 0:00:01]} 23. Rxe8 {[%emt 0:00:02]} Rxe8 {[%emt 0:00:01]} 24. Re1 {[%emt 0:00:01]} Rf8 {[%emt 0:00:00]} 25. Qe2 {[%emt 0:00:05]} g4 {[%emt 0:00:01]} 26. Kh1 {[%emt 0:00:04]} g3 {[%emt 0:00:01]} 27. hxg3 {[%emt 0:00:02]} fxg3 {[%emt 0:00:00]} 28. Bg1 {[%emt 0:00:02]} h4 {[%emt 0:00:01]} 29. Qe3 {[%emt 0:00:04]} h3 {[%emt 0:00:00]} 30. Qf4 {[%emt 0:00:03]} Bd8 {[%emt 0:00:05] Time (Lag: Av=0.77s, max=2.0s)} 0-1

[Event "Stay Safe Play From Home 296"]
[Site "Emanuel Lasker Arena"]
[Date "2020.07.12"]
[Round "2"]
[White "AChessPlayer"]
[Black "Konmos"]
[Result "1-0"]
[WhiteElo "2425"]
[BlackElo "1767"]
[Annotator "TA"]
[PlyCount "77"]
[EventDate "2020.07.12"]
[EventType "swiss (blitz)"]

{[%evp 9,77,-22,-23,-27,14,21,18,0,6,-72,9,-56,75,-152,0,-61,-26,-9,12,20,48,-26,38,30,31,-81,53,0,6,-31,-37,-42,0,0,0,14,247,243,286,281,290,264,501,317,317,321,285,251,280,191,215,191,266,262,391,389,521,532,483,408,492,475,580,566,477,246,406,213,784,767]} 1. Nf3 e5 2. g3 e4 3. Nd4 c5 4. Nb3 c4 5. Nd4 Bc5 6. c3 {A00: Irregular Openings.} Bxd4 7. cxd4 d5 8. Bg2 {[#] The position is equal.} Nc6 $146 ({Predecessor:} 8... Bf5 9. b3 Nc6 10. O-O cxb3 11. Qxb3 Nxd4 12. Qa4+ Nc6 13. Nc3 Nge7 14. Rb1 Qd7 {0-1 (38) Danielsen,H (2500)-Gretarsson,H (2475) Copenhagen 1997}) 9. e3 (9. d3 $11) 9... h5 (9... Nf6 $17 10. Nc3 Qa5) 10. h3 ({White should play} 10. Nc3 $11) 10... g5 (10... h4 $1 $15 11. g4 f5 12. gxf5 Qg5) 11. a3 $2 {[#]} (11. Nc3 $16 {and life is bright.}) 11... g4 $2 ({Better is} 11... Na5 $1 $17 {White must now prevent ...Nb3.} 12. b4 Nb3) 12. h4 (12. b3 $1 $11) 12... Nge7 13. b3 cxb3 14. Qxb3 O-O 15. d3 (15. Nc3 $14) 15... exd3 (15... Na5 $1 $11 16. Qc3 Be6) 16. Qxd3 $14 Bf5 17. Qb3 (17. Qd1 $14 {keeps the upper hand.}) 17... b6 (17... Na5 $17 18. Qb5 a6) 18. Nc3 {[%cal Rc3d5]} Na5 19. Qa2 {[%cal Rc3d5]} Rc8 20. Nxd5 {[#] Hoping for Nf6+.} Nxd5 (20... Rc2 $5 {[%cal Rc2a2]} 21. Nxe7+ Qxe7 $15) 21. Qxd5 ({Wrong is} 21. Bxd5 $2 Rc2 $19) 21... Qf6 22. O-O $36 {[%mdl 2048] aiming for e4. White is pushing.} Be6 $2 {Black cannot hold the game after this.} (22... Rfd8 $11 23. Qb5 Qg6) 23. Qxh5 $18 Kg7 24. e4 ({Resist} 24. Be4 $6 Rh8 $16) 24... Rh8 25. Qg5+ Qg6 $2 (25... Qxg5 {might work better.} 26. Bxg5 f6) 26. Qxg6+ Kxg6 27. d5 Bd7 28. Bb2 Rhe8 29. Rac1 Nc4 30. Bd4 Bb5 (30... Nd2 $142 31. Rfe1 Rxc1 32. Rxc1 Nf3+ 33. Bxf3 gxf3) 31. Rfe1 Nxa3 (31... Nd2 {was necessary.} 32. Rcd1 Nf3+ 33. Bxf3 gxf3) 32. e5 Rxc1 33. Rxc1 Nc4 34. Be4+ Kg7 35. e6+ Kf8 36. h5 fxe6 37. dxe6 (37. Bg6 $142 Re7 38. Bf6) 37... Rxe6 $2 (37... Nd2) 38. Bf5 (38. Bd5 $142 Rh6 39. Bxc4 Bxc4 40. Rxc4) 38... Re2 $2 (38... Rd6) 39. h6 {Accuracy: White = 37%, Black = 18%.} 1-0

[Event "Stay Safe Play From Home 296"]
[Site "Emanuel Lasker Arena"]
[Date "2020.07.12"]
[Round "2"]
[White "Mepe_Nika"]
[Black "Physikus"]
[Result "1-0"]
[WhiteElo "2370"]
[BlackElo "2038"]
[Annotator "TA"]
[PlyCount "99"]
[EventDate "2020.07.12"]
[EventType "swiss (blitz)"]

{[%evp 12,98,76,73,79,31,47,0,0,0,-13,-12,0,0,0,-14,21,25,61,72,356,358,472,408,393,346,347,336,450,439,431,446,469,463,474,479,550,429,497,469,458,460,528,520,648,661,656,652,640,632,783,782,1915,1895,2650,2625,1751,1599,29985,29986,29990,29991,29991,29992,29992,29987,29987,29988,29987,12850,12850,27999,12851,27999,12851,27999,27999,27999,27999,27999,27999,27999,27999,27999,27999,27999,27999,27999,27999]} 1. d4 Nf6 2. Bf4 g6 3. Nc3 Bg7 4. e4 O-O 5. Qd2 d6 6. O-O-O a6 7. Bh6 b5 {...b4 is the strong threat. B07: Pirc Defence: Miscellaneous Systems.} 8. Bxg7 Kxg7 {[#]} 9. e5 $146 (9. a3 $14) ({Predecessor:} 9. f3 Nc6 10. h4 e5 11. Nge2 b4 12. Nd5 h5 13. Nxb4 Nxd4 14. Nxd4 exd4 15. Nc6 {0-1 (63) Caruana,F (2819)-Nepomniachtchi,I (2775) Paris 2019}) 9... dxe5 $11 {The position is equal.} 10. dxe5 Qxd2+ 11. Rxd2 Ng4 12. f4 Bb7 13. Nf3 Bxf3 14. gxf3 Nh6 15. Bd3 Nc6 $2 {[%mdl 8192] This costs Black the game.} (15... c6 $16 {was necessary.}) 16. Be4 $18 Nb4 17. Bxa8 Rxa8 18. a3 Nc6 19. Rd7 Rc8 20. Nd5 Nf5 21. Rxc7 Rxc7 22. Nxc7 {[%mdl 4096] Endgame KRN-KNN} Ncd4 23. Nxa6 Nxf3 24. Nc5 N3d4 25. a4 bxa4 26. Nxa4 h5 27. Nc5 Ne2+ 28. Kd2 Nxf4 29. b4 Nd5 30. b5 Nd4 31. c4 Nf4 32. Ke3 {[%mdl 64] [#] Double Attack} Nfe6 33. Nxe6+ Nxe6 {KR-KN} 34. b6 f6 35. exf6+ exf6 36. b7 f5 37. b8=Q f4+ {[#]} 38. Qxf4 $3 Nxf4 39. Kxf4 {KR-KPP} Kf6 40. h4 (40. c5 $142 g5+ 41. Ke4 Ke6 42. Rd1 g4 43. c6 Kf6 44. c7 g3 45. c8=Q) 40... g5+ 41. hxg5+ {[%mdl 64] Discovered Attack. KR-KP} Kg6 42. c5 {Threatening mate with c6.} h4 43. Rxh4 {KR-K} Kg7 {White mates.} 44. Rh6 Kg8 45. c6 Kf7 46. c7 Ke7 47. c8=Q Kf7 48. Qc7+ Kg8 49. Ra6 Kf8 50. Ra8# {Accuracy: White = 86%, Black = 32%.} 1-0

[Event "Stay Safe Play From Home 296"]
[Site "Emanuel Lasker Arena"]
[Date "2020.07.12"]
[Round "2"]
[White "Bardellosport"]
[Black "Broken sword"]
[Result "0-1"]
[WhiteElo "2016"]
[BlackElo "2510"]
[Annotator "TA"]
[PlyCount "90"]
[EventDate "2020.07.12"]
[EventType "swiss (blitz)"]

{[%evp 9,90,-30,-33,-33,-22,-29,-27,-22,-1,-19,-15,-194,-8,-40,-46,-183,-35,-35,-37,-45,-43,-66,-66,-70,-62,-60,-35,-45,-36,-63,-47,-105,-106,-108,-97,-139,-112,-116,-105,-154,-105,-172,-104,-189,-127,-130,-110,-121,-116,-121,-107,-135,-100,-183,-186,-177,-189,-319,-336,-364,-335,-436,-383,-570,-561,-526,-464,-454,-395,-450,-438,-375,-252,-352,-347,-740,-731,-610,-227,-6813,-6809,-29981,-29982]} 1. d4 d5 2. e3 c5 3. f4 Nc6 4. c3 cxd4 5. exd4 Bf5 6. Nf3 {D00: 1 d4 d5: Unusual lines.} Nf6 7. Bd3 Bxd3 8. Qxd3 {Black has an edge.} Ne4 9. Qe2 {[#]} e6 $146 ({Predecessor:} 9... h6 10. Nbd2 f5 11. Nh4 e6 12. Ng6 Rg8 13. Nxf8 Kxf8 14. Nf3 a6 15. g3 Qe8 {½-½ (42) Tefs,A (1694)-Augustat,S (1729) Lindow 2003}) 10. Ne5 $2 (10. Nbd2 $11 {and White has nothing to worry.}) 10... Bd6 $2 (10... Qh4+ $19 11. g3 Nxg3 $1 {[%mdl 576] Double Attack, Pin}) 11. Nxc6 (11. O-O {seems wilder.} O-O 12. Nd2 f5 13. Ndf3 Rc8 14. Be3) 11... bxc6 12. Nd2 (12. O-O $15) 12... f5 (12... Qh4+ $19 13. g3 Nxg3 $1 {[%mdl 576] Double Attack, Pin}) 13. Nxe4 fxe4 14. Qh5+ g6 15. Qe2 O-O 16. O-O Qc7 17. g3 Qb7 18. Qg4 Rae8 19. h4 Qf7 20. h5 (20. Qe2 $15) 20... Qf5 $36 {[%mdl 2048] Keeping White busy.} 21. Qxf5 gxf5 22. Kh2 Kf7 23. Kg2 Rg8 24. Rh1 Rg4 {Hoping for ...Reg8.} 25. Rh3 {[#]} (25. Kf2 $17) 25... Reg8 (25... c5 $1 $19 {...cxd4 is the strong threat.} 26. Bd2 cxd4 27. cxd4 Rb8) 26. Kh2 (26. Kf2 $17 {might work better.}) 26... Kg7 (26... c5 $19 27. Be3 cxd4 28. Bxd4 h6) 27. Be3 Kh6 28. Rc1 Rb8 29. b3 Rb7 30. c4 Rc7 31. cxd5 (31. Kg2 $17) 31... cxd5 $19 32. Rxc7 Bxc7 $17 {[%mdl 4096] Endgame KRB-KRB} 33. b4 (33. Kg2 {only move.}) 33... Rg8 34. Kg1 Bb6 35. Rh2 Rc8 36. Rb2 (36. g4 $142 Rc3 37. g5+ Kg7 38. Kf2) 36... Rc3 $19 37. Kf2 Rd3 38. a4 Ra3 39. a5 Bd8 40. Rc2 Be7 41. Rc7 Bxb4 42. Rxa7 $2 (42. g4 Rxa5 43. g5+ Kxh5 44. Rxh7+ Kg6 45. Rh6+ Kf7 46. Rf6+ Ke7 47. Rg6) 42... Rxa5 43. Rf7 Ra6 $2 (43... Ra2+ 44. Kf1 Kxh5) 44. Rf6+ $2 (44. g4) 44... Kg7 45. h6+ Kxf6 {Accuracy: White = 29%, Black = 53%.} 0-1